00721nam a2200241 a 4500001001300000003000900013005001700022008004100039020001000080082001700090100002000107245003300127260003300160300000900193500003500202505003300237650002300270700002000293902000800313942000700321952013400328999001700462nice12345678IN_TiNIC20260116013345.0050524s1994 dela grp 000 0 eng  ac15000a181.07bSHE1 aShaikh, M Saeed aStudies in Muslim Philosophy aDelhibAdam Publishersc1994 a221p aincludes index and biblioraphy2 aSelected Bibliography, Index aPhilosophy-Islamic1 aShaikh, M Saeed bSRS cBK 001040708StackRoom-aHMIbHMId2012-04-18g150.00l14m1o181.07 SHE1p017993r2024-02-20s2024-02-13v150.00w2005-05-24yBK c10689d10689